000 00362nam a22001457a 4500
020 _a978-93-528-3216-3
041 _aENG
100 _aAggarwal R.S
245 _aA Modern Approach To Verbal & Non - Verbal Reasoning
250 _aRevised Edition
260 _aNew Delhi
_bChand .S
_c2018
300 _a17.4
650 _aBanking
856 _uCompetitive Exam
999 _c233
_d233